| 000 | 00603nam a22001937a 4500 | ||
|---|---|---|---|
| 003 | CEME | ||
| 005 | 20210628202525.0 | ||
| 008 | 210121b xxu||||| |||| 00| 0 eng d | ||
| 020 | _a0-312-87551-6 | ||
| 040 | _cceme | ||
| 082 | _a355.02 STO | ||
| 100 |
_aStoessinger, John G _960333 |
||
| 245 | _aWhy nations go to war | ||
| 250 | _a2ND | ||
| 260 |
_aNEW YORK _bARMY EDUCATION PUBLISHING HOUSE _c2003 |
||
| 300 | _a246P | ||
| 650 |
_aWORLD WAR-1.BARBAROSSA: HITLER'S ATTACK ON RUSSIA.VIETNAM WAR. INDIA PAKISTAN WAR- 1947.1965,1971.DAWN OF BANGLADESH.ISRAEL ARABS WAR _960334 |
||
| 942 |
_cBK _2ddc |
||
| 999 |
_c570084 _d570084 |
||